|
|
|
|
| LEADER |
01796nam a2200433 i 4500 |
| 001 |
nkc20203173587 |
| 003 |
CZ PrNK |
| 005 |
20200515131124.0 |
| 007 |
ta |
| 008 |
200129s2020 xr ae d p 000 0 cze |
| 015 |
|
|
|a cnb003173587
|
| 020 |
|
|
|a 978-80-86817-49-1
|q (brožováno)
|
| 035 |
|
|
|a (OCoLC)1199990649
|
| 040 |
|
|
|a ABA001
|b cze
|e rda
|
| 072 |
|
7 |
|a 624
|x Stavební inženýrství
|2 Konspekt
|9 19
|
| 072 |
|
7 |
|a 37.016
|x Učební osnovy. Vyučovací předměty. Učebnice
|2 Konspekt
|9 22
|
| 080 |
|
|
|a 624.9
|2 MRF
|
| 080 |
|
|
|a (075.3)
|2 MRF
|
| 100 |
1 |
|
|a Hájek, Petr,
|d 1970-
|7 mzk2010508349
|4 aut
|
| 245 |
1 |
0 |
|a Pozemní stavitelství I :
|b pro střední školy se stavebním zaměřením /
|c Petr Hájek a kolektiv
|
| 250 |
|
|
|a Vydání sedmé, přepracované
|
| 264 |
|
1 |
|a Praha :
|b Sobotáles,
|c 2020
|
| 300 |
|
|
|a 295 stran :
|b ilustrace, plány ;
|c 23 cm
|
| 336 |
|
|
|a text
|b txt
|2 rdacontent
|
| 337 |
|
|
|a bez média
|b n
|2 rdamedia
|
| 338 |
|
|
|a svazek
|b nc
|2 rdacarrier
|
| 500 |
|
|
|a Přehled souvisejících právních předpisů a norem
|
| 504 |
|
|
|a Obsahuje bibliografii
|
| 521 |
8 |
|
|a Určeno žákům středních průmyslových škol stavebních a ostatních středních škol se stavebním zaměřením, může sloužit i jako pomůcka pro stavební praxi
|
| 650 |
0 |
7 |
|a pozemní stavby
|7 ph124471
|2 czenas
|
| 650 |
0 |
9 |
|a building construction
|2 eczenas
|
| 655 |
|
7 |
|a učebnice středních škol
|7 fd133771
|2 czenas
|
| 655 |
|
9 |
|a textbooks (secondary)
|2 eczenas
|
| 910 |
2 |
|
|a BOA001
|b 2-1445.379
|
| 990 |
|
|
|a BK
|
| 995 |
|
|
|a 01
|
| 991 |
|
|
|b 202003
|c NOV
|
| 996 |
6 |
|
|b 2610817355
|c 2-1445.379
|l MZK
|r Sklad / do 1 hodiny
|n 5
|p p.v.
|w 001779399
|u 000010
|a 1
|e BOA001
|j MZK50
|s P
|
| 996 |
7 |
|
|b 2610817966
|c 2-1445.379
|l Vol.výběr
|r VV 1p
|n 12
|p kup
|h 624 HÁJ
|w 001779399
|u 000020
|a 0
|e BOA001
|j MZK50
|s A
|